书目信息 |
| 题名: |
走进希伯来文明
|
|
| 作者: | 徐新 著 ;杨巨平 , 张晓萌 主编 | |
| 分册: | ||
| 出版信息: | 北京 民主与建设出版社 2009.05 |
|
| 页数: | 180页 | |
| 开本: | 23cm | |
| 丛书名: | 人类文明系列 | |
| 单 册: | ||
| 中图分类: | K124 , K124 | |
| 科图分类: | ||
| 主题词: | 民族历史 | |
| 电子资源: | ||
| ISBN: | 978-7-80112-423-4 | |
| 000 | 00880nam2 2200313 45 | |
| 001 | 012003000000 | |
| 005 | 20111230105633.09 | |
| 010 | @a978-7-80112-423-4@dCNY22.80 | |
| 100 | @a20031219d2009 em y0chiy0121 ea | |
| 101 | 0 | @achi |
| 102 | @aCN@b110000 | |
| 105 | @ay z 000yy | |
| 200 | 1 | @a走进希伯来文明@Azou jin xi bo lai wen ming@f徐新著 |
| 205 | @a第2版 | |
| 210 | @a北京@c民主与建设出版社@d2009.05 | |
| 215 | @a180页@d23cm | |
| 225 | 2 | @a人类文明系列@f杨巨平, 张晓萌主编 |
| 310 | @a本套书共十册, 总定价为¥140.00 | |
| 410 | 0 | @12001 @a人类文明系列 |
| 606 | 0 | @a民族历史 |
| 607 | 0 | @a希伯来@x民族历史 |
| 690 | @aK124@v4 | |
| 690 | @aK124@v3 | |
| 701 | 0 | @a徐新@Axu xin@4著 |
| 702 | 0 | @a杨巨平@Ayang ju ping@4主编 |
| 702 | 0 | @a张晓萌@Azhang xiao meng@4主编 |
| 801 | 0 | @aCN@bQSSKt@c20111230 |
| 905 | @dK124@eX8251=2@f3 | |
| 906 | @dCNY14.00@n3@r1 | |
| 走进希伯来文明/徐新著.-第2版.-北京:民主与建设出版社,2009.05 |
| 180页;23cm.-(人类文明系列/杨巨平, 张晓萌主编) |
| ISBN 978-7-80112-423-4:CNY22.80 |
| ● |
| 相关链接 |
|
|
|
正题名:走进希伯来文明
索取号:K124/X8251=2
 
预约/预借
| 序号 | 登录号 | 条形码 | 馆藏地/架位号 | 状态 | 备注 |
| 1 | 1190848 | 211908480 | 社科库309/309社科库 104排5列2层/ [索取号:K124/X8251=2] | 在馆 | |
| 2 | 1190849 | 211908499 | 社科库309/309社科库 104排5列2层/ [索取号:K124/X8251=2] | 在馆 | |
| 3 | 1190850 | 211908505 | 社科库309/309社科库 104排5列2层/ [索取号:K124/X8251=2] | 在馆 |